[Event "Stay Safe Play From Home 363"]
[Site "Emanuel Lasker Arena"]
[Date "2020.08.06"]
[Round "2"]
[White "Greblah"]
[Black "Eidgenosse"]
[Result "0-1"]
[WhiteElo "1927"]
[BlackElo "2193"]
[Annotator "TA"]
[PlyCount "52"]
[EventDate "2020.08.06"]
[EventType "swiss (blitz)"]

{[%evp 17,52,22,18,5,4,0,10,-7,2,0,0,0,24,0,17,-35,-40,-35,-45,-51,0,-274,-269,-456,-418,-1364,-1257,-1558,-1135,-1566,-1111,-2132,-2132,-1964,-1855,-1749,-1736]} 1. e4 c5 2. Nc3 Nc6 3. g3 g6 4. Bg2 Bg7 5. d3 d6 6. Be3 e6 7. Qd2 Nd4 8. Nd1 e5 9. c3 Ne6 10. Nf3 {B26: Closed Sicilian: 3 g3, lines with early Be3.} Ne7 11. Bh6 O-O 12. h4 {The position is equal.} f5 13. h5 {hxg6 is the strong threat.} f4 14. Bxg7 Kxg7 15. hxg6 hxg6 {[#]} 16. c4 $146 (16. d4 $11) ({Predecessor:} 16. d4 Qc7 17. d5 Nd8 18. gxf4 Rxf4 19. Nxe5 dxe5 20. d6 Qd7 21. dxe7 Qxe7 22. Ne3 {0-1 (49) Rakhmangulov,D (1929)-Ilinitsky,G (2129) Kharkov 2008}) 16... Nc6 $15 17. Nc3 Ncd4 18. Nxd4 Nxd4 ({Better is} 18... cxd4 $15 19. Nd5 Qg5) 19. g4 $2 {[%mdl 8192] [#]} (19. gxf4 $11 exf4 20. Ne2) 19... Bxg4 $19 20. f3 $2 (20. Nb5) 20... Bxf3 21. Kf2 (21. Nb5 $142 Bg4 22. Nxd4 cxd4 23. Kf2) 21... Qg5 {Black is clearly winning.} 22. Rag1 Qg3+ 23. Kf1 Rh8 24. Bxf3 Qxf3+ {[%mdl 64] [#] Double Attack} 25. Qf2 Rxh1 26. Qxf3 Rxg1+ {Accuracy: White = 53%, Black = 88%.} 0-1

[Event "Stay Safe Play From Home 363"]
[Site "Emanuel Lasker Arena"]
[Date "2020.08.06"]
[Round "2"]
[White "Padmaesh M K"]
[Black "James Harcourt"]
[Result "1-0"]
[WhiteElo "1822"]
[BlackElo "1430"]
[Annotator "NA RC"]
[PlyCount "71"]
[EventDate "2020.08.06"]
[EventType "swiss (blitz)"]

1. Nf3 {[%emt 0:00:02]} Nf6 {[%emt 0:00:02]} 2. d4 {[%emt 0:00:01]} d5 {[%emt 0:00:01]} 3. Bf4 {[%emt 0:00:02]} Bf5 {[%emt 0:00:02]} 4. c4 {[%emt 0:00:01]} c5 {[%emt 0:00:01]} 5. cxd5 {[%emt 0:00:03]} Qxd5 {[%emt 0:00:02]} 6. Nc3 {[%emt 0:00:01]} cxd4 {[%emt 0:00:01]} 7. Nxd5 {[%emt 0:00:04]} Nxd5 {[%emt 0:00:02]} 8. Bg3 {[%emt 0:00:06]} d3 {[%emt 0:00:03]} 9. exd3 {[%emt 0:00:05]} e6 {[%emt 0:00:03]} 10. d4 {[%emt 0:00:01]} Bb4+ {[%emt 0:00:01]} 11. Nd2 {[%emt 0:00:02]} O-O {[%emt 0:00:04]} 12. Bc4 {[%emt 0:00:03]} Nb6 {[%emt 0:00:06]} 13. Bb3 {[%emt 0:00:07]} Nc6 {[%emt 0:00:02]} 14. O-O {[%emt 0:00:02]} Rad8 {[%emt 0:00:01]} 15. Nf3 {[%emt 0:00:03]} Nxd4 {[%emt 0:00:04]} 16. Nxd4 {[%emt 0:00:02]} e5 {[%emt 0:00:01]} 17. Nxf5 {[%emt 0:00:03]} Rxd1 {[%emt 0:00:02]} 18. Raxd1 {[%emt 0:00:00]} g6 {[%emt 0:00:02]} 19. Ne7+ {[%emt 0:00:02]} Kg7 {[%emt 0:00:02]} 20. Bxe5+ {[%emt 0:00:01]} f6 {[%emt 0:00:02]} 21. Bd6 {[%emt 0:00:01]} Bxd6 {[%emt 0:00:01]} 22. Rxd6 {[%emt 0:00:01]} Rf7 {[%emt 0:00:04]} 23. Nd5 {[%emt 0:00:02]} Nxd5 {[%emt 0:00:02]} 24. Rxd5 {[%emt 0:00:01]} Re7 {[%emt 0:00:01]} 25. Rfd1 {[%emt 0:00:01]} Kh6 {[%emt 0:00:02]} 26. Rd7 {[%emt 0:00:01]} Re6 {[%emt 0:00:03]} 27. g3 {[%emt 0:00:03]} Rc6 {[%emt 0:00:04]} 28. h4 {[%emt 0:00:02]} a5 {[%emt 0:00:03]} 29. Kg2 {[%emt 0:00:01]} b5 {[%emt 0:00:02]} 30. Rb7 {[%emt 0:00:01]} a4 {[%emt 0:00:03]} 31. Bg8 {[%emt 0:00:09]} g5 {[%emt 0:00:06]} 32. Rxh7+ {[%emt 0:00:06]} Kg6 {[%emt 0:00:01]} 33. h5+ {[%emt 0:00:01]} Kf5 {[%emt 0:00:01]} 34. f3 {[%emt 0:00:04]} Rc2+ {[%emt 0:00:01]} 35. Kh3 {[%emt 0:00:03]} Rxb2 {[%emt 0:00:01]} 36. Rd5# {[%emt 0:00:01] Mate Mate Mate Mate Mate (Lag: Av=0.35s, max=0.6s) (Lag: Av=0.35s, max=0.6s) (Lag: Av=0.35s, max=0.6s) (Lag: Av=0.35s, max=0.6s) (Lag: Av=0.35s, max=0.6s)} 1-0

[Event "Stay Safe Play From Home 363"]
[Site "Emanuel Lasker Arena"]
[Date "2020.08.06"]
[Round "2"]
[White "Joroger"]
[Black "Klasman"]
[Result "1-0"]
[WhiteElo "1801"]
[BlackElo "1530"]
[Annotator "NA RC"]
[PlyCount "73"]
[EventDate "2020.08.06"]
[EventType "swiss (blitz)"]

1. d4 {[%emt 0:00:01]} f5 {[%emt 0:00:01]} 2. g3 {[%emt 0:00:02]} Nf6 {[%emt 0:00:01]} 3. Bg2 {[%emt 0:00:01]} d5 {[%emt 0:00:01]} 4. Nf3 {[%emt 0:00:01]} e6 {[%emt 0:00:01]} 5. O-O {[%emt 0:00:00]} Bd6 {[%emt 0:00:01]} 6. c4 {[%emt 0:00:01]} c6 {[%emt 0:00:01]} 7. Nbd2 {[%emt 0:00:00]} O-O {[%emt 0:00:02]} 8. b3 {[%emt 0:00:00]} h6 {[%emt 0:00:01]} 9. Bb2 {[%emt 0:00:00]} Nbd7 {[%emt 0:00:02]} 10. Qc2 {[%emt 0:00:02]} Ne4 {[%emt 0:00:03]} 11. Ne5 {[%emt 0:00:01]} Bxe5 {[%emt 0:00:03]} 12. dxe5 {[%emt 0:00:00]} Qg5 {[%emt 0:00:09]} 13. Nf3 {[%emt 0:00:04]} Qh5 {[%emt 0:00:08]} 14. b4 {[%emt 0:00:21]} Nb6 {[%emt 0:00:08]} 15. cxd5 {[%emt 0:00:11]} Nxd5 {[%emt 0:00:09]} 16. a3 {[%emt 0:00:05]} f4 {[%emt 0:00:09]} 17. Qxe4 {[%emt 0:00:05]} fxg3 {[%emt 0:00:05]} 18. hxg3 {[%emt 0:00:09]} Bd7 {[%emt 0:00:10]} 19. Qh4 {[%emt 0:00:12]} Rf5 {[%emt 0:00:04]} 20. Qxh5 {[%emt 0:00:02]} Rxh5 {[%emt 0:00:01]} 21. e3 {[%emt 0:00:05]} Rf5 {[%emt 0:00:04]} 22. Nd4 {[%emt 0:00:02]} Rf7 {[%emt 0:00:07]} 23. Rac1 {[%emt 0:00:04]} Raf8 {[%emt 0:00:02]} 24. Rc2 {[%emt 0:00:02]} g5 {[%emt 0:00:04]} 25. e4 {[%emt 0:00:04]} Ne7 {[%emt 0:00:08]} 26. Rd2 {[%emt 0:00:03]} Ng6 {[%emt 0:00:02]} 27. Nb3 {[%emt 0:00:06]} h5 {[%emt 0:00:03]} 28. Nc5 {[%emt 0:00:02]} Bc8 {[%emt 0:00:05]} 29. Rfd1 {[%emt 0:00:02]} h4 {[%emt 0:00:01]} 30. Rd8 {[%emt 0:00:12]} Rxf2 {[%emt 0:00:05]} 31. Rxf8+ {[%emt 0:00:02]} Rxf8 {[%emt 0:00:02]} 32. gxh4 {[%emt 0:00:01]} Nxh4 {[%emt 0:00:04]} 33. Rd6 {[%emt 0:00:02]} Kf7 {[%emt 0:00:11]} 34. Bh3 {[%emt 0:00:14]} Nf3+ {[%emt 0:00:23]} 35. Kf2 {[%emt 0:00:01]} Ke7 {[%emt 0:00:09]} 36. Ke3 {[%emt 0:00:05]} Ne1 {[%emt 0:00:05]} 37. Bxe6 {[%emt 0:00:02] Time Time Time Time Time (Lag: Av=0.46s, max=1.0s) (Lag: Av=0.46s, max=1.0s) (Lag: Av=0.46s, max=1.0s) (Lag: Av=0.46s, max=1.0s) (Lag: Av=0.46s, max=1.0s)} 1-0

[Event "Stay Safe Play From Home 363"]
[Site "Emanuel Lasker Arena"]
[Date "2020.08.06"]
[Round "2"]
[White "Ao017545"]
[Black "Capaeuwekhine"]
[Result "1-0"]
[WhiteElo "1652"]
[BlackElo "1604"]
[Annotator "NA RC"]
[PlyCount "57"]
[EventDate "2020.08.06"]
[EventType "swiss (blitz)"]

1. e4 {[%emt 0:00:01]} c6 {[%emt 0:00:02]} 2. Nf3 {[%emt 0:00:00]} d5 {[%emt 0:00:01]} 3. Nc3 {[%emt 0:00:01]} dxe4 {[%emt 0:00:01]} 4. Nxe4 {[%emt 0:00:05]} Bf5 {[%emt 0:00:00]} 5. Ng3 {[%emt 0:00:03]} Bg4 {[%emt 0:00:01]} 6. Bc4 {[%emt 0:00:02]} e6 {[%emt 0:00:01]} 7. h3 {[%emt 0:00:03]} Bxf3 {[%emt 0:00:02]} 8. Qxf3 {[%emt 0:00:02]} Nf6 {[%emt 0:00:00]} 9. d3 {[%emt 0:00:04]} Be7 {[%emt 0:00:01]} 10. Bb3 {[%emt 0:00:02]} O-O {[%emt 0:00:02]} 11. c3 {[%emt 0:00:03]} Nbd7 {[%emt 0:00:01]} 12. d4 {[%emt 0:00:01]} c5 {[%emt 0:00:04]} 13. dxc5 {[%emt 0:00:03]} Nxc5 {[%emt 0:00:01]} 14. Bc2 {[%emt 0:00:00]} b6 {[%emt 0:00:02]} 15. Bg5 {[%emt 0:00:02]} h6 {[%emt 0:00:02]} 16. Be3 {[%emt 0:00:02]} Qc7 {[%emt 0:00:02]} 17. O-O-O {[%emt 0:00:04]} Rfd8 {[%emt 0:00:02]} 18. Rd4 {[%emt 0:00:12]} Rxd4 {[%emt 0:00:02]} 19. Bxd4 {[%emt 0:00:04]} Rc8 {[%emt 0:00:02]} 20. Bxc5 {[%emt 0:00:05]} Qxc5 {[%emt 0:00:02]} 21. Ne4 {[%emt 0:00:00]} Nxe4 {[%emt 0:00:03]} 22. Qxe4 {[%emt 0:00:01]} g6 {[%emt 0:00:01]} 23. f3 {[%emt 0:00:02]} b5 {[%emt 0:00:04]} 24. Rd1 {[%emt 0:00:01]} a5 {[%emt 0:00:02]} 25. Rd7 {[%emt 0:00:01]} b4 {[%emt 0:00:02]} 26. Qb7 {[%emt 0:00:03]} bxc3 {[%emt 0:00:10]} 27. b3 {[%emt 0:00:11]} Qe3+ {[%emt 0:00:05]} 28. Kb1 {[%emt 0:00:03]} Qe1+ {[%emt 0:00:05]} 29. Rd1 {[%emt 0:00:02] Capaeuwekhine rinde Capaeuwekhine rinde Capaeuwekhine rinde Capaeuwekhine rinde Capaeuwekhine rinde (Lag: Av=0.67s, max=1.2s) (Lag: Av=0.67s, max=1.2s) (Lag: Av=0.67s, max=1.2s) (Lag: Av=0.67s, max=1.2s) (Lag: Av=0.67s, max=1.2s)} 1-0

[Event "Stay Safe Play From Home 363"]
[Site "Emanuel Lasker Arena"]
[Date "2020.08.06"]
[Round "2"]
[White "Timbre"]
[Black "Buzaglo"]
[Result "0-1"]
[WhiteElo "1638"]
[BlackElo "1698"]
[Annotator "NA RC"]
[PlyCount "66"]
[EventDate "2020.08.06"]
[EventType "swiss (blitz)"]

1. d4 {[%emt 0:00:05]} d5 {[%emt 0:00:01]} 2. Nf3 {[%emt 0:00:01]} Nf6 {[%emt 0:00:01]} 3. c3 {[%emt 0:00:01]} e6 {[%emt 0:00:01]} 4. Bf4 {[%emt 0:00:01]} c5 {[%emt 0:00:00]} 5. e3 {[%emt 0:00:01]} Bd6 {[%emt 0:00:02]} 6. Bg3 {[%emt 0:00:02]} Bxg3 {[%emt 0:00:01]} 7. hxg3 {[%emt 0:00:02]} h6 {[%emt 0:00:00]} 8. Bd3 {[%emt 0:00:02]} c4 {[%emt 0:00:01]} 9. Bc2 {[%emt 0:00:02]} Nc6 {[%emt 0:00:00]} 10. Qe2 {[%emt 0:00:01]} e5 {[%emt 0:00:01]} 11. dxe5 {[%emt 0:00:03]} Nd7 {[%emt 0:00:01]} 12. Nbd2 {[%emt 0:00:04]} Ndxe5 {[%emt 0:00:02]} 13. Nxe5 {[%emt 0:00:04]} Nxe5 {[%emt 0:00:00]} 14. Nf3 {[%emt 0:00:02]} Qe7 {[%emt 0:00:04]} 15. Nxe5 {[%emt 0:00:02]} Qxe5 {[%emt 0:00:00]} 16. Kf1 {[%emt 0:00:01]} Be6 {[%emt 0:00:12]} 17. Ba4+ {[%emt 0:00:03]} Kf8 {[%emt 0:00:01]} 18. Bc2 {[%emt 0:00:02]} b5 {[%emt 0:00:06]} 19. a3 {[%emt 0:00:02]} Re8 {[%emt 0:00:01]} 20. Rd1 {[%emt 0:00:01]} g5 {[%emt 0:00:03]} 21. Qf3 {[%emt 0:00:11]} Kg7 {[%emt 0:00:02]} 22. Rd4 {[%emt 0:00:03]} Qf6 {[%emt 0:00:21]} 23. Qd1 {[%emt 0:00:05]} Rd8 {[%emt 0:00:08]} 24. a4 {[%emt 0:00:05]} a6 {[%emt 0:00:02]} 25. axb5 {[%emt 0:00:01]} axb5 {[%emt 0:00:00]} 26. b3 {[%emt 0:00:01]} Rhe8 {[%emt 0:00:03]} 27. bxc4 {[%emt 0:00:01]} dxc4 {[%emt 0:00:02]} 28. Rxd8 {[%emt 0:00:02]} Rxd8 {[%emt 0:00:00]} 29. Qe2 {[%emt 0:00:03]} Qxc3 {[%emt 0:00:02]} 30. Kg1 {[%emt 0:00:04]} Rd2 {[%emt 0:00:04]} 31. Qh5 {[%emt 0:00:02]} Qf6 {[%emt 0:00:12]} 32. Bd1 {[%emt 0:00:06]} c3 {[%emt 0:00:06]} 33. Bf3 {[%emt 0:00:03]} c2 {[%emt 0:00:05] Timbre resigns Timbre resigns Timbre resigns Timbre resigns Timbre resigns (Lag: Av=0.46s, max=1.1s) (Lag: Av=0.46s, max=1.1s) (Lag: Av=0.46s, max=1.1s) (Lag: Av=0.46s, max=1.1s) (Lag: Av=0.46s, max=1.1s)} 0-1

[Event "Stay Safe Play From Home 363"]
[Site "Emanuel Lasker Arena"]
[Date "2020.08.06"]
[Round "3"]
[White "Eidgenosse"]
[Black "Padmaesh M K"]
[Result "1-0"]
[WhiteElo "2199"]
[BlackElo "1825"]
[Annotator "TA"]
[PlyCount "79"]
[EventDate "2020.08.06"]
[EventType "swiss (blitz)"]

{[%evp 9,79,18,18,10,19,9,24,18,43,22,116,59,74,81,254,247,245,183,191,180,182,186,181,188,194,194,187,93,205,191,194,174,203,142,166,159,192,206,172,145,149,127,113,113,123,124,259,250,312,321,335,304,428,401,735,603,1285,1312,2031,352,304,339,364,375,613,594,520,420,29991,29992,29992,29993]} 1. e4 c5 2. Nf3 d6 3. c3 Nf6 4. Bd3 e5 5. Bc2 Nc6 6. O-O {B50: Sicilian: 2...d6, Miscellaneous.} Be7 7. d3 Bg4 8. Nbd2 {White has an edge.} Qd7 9. Re1 {[#]} h5 $146 (9... O-O $11) ({Predecessor:} 9... O-O-O 10. a3 Rdg8 11. b4 g5 12. Ba4 Qc7 13. bxc5 dxc5 14. Bxc6 bxc6 15. Rb1 Kd8 {1-0 (35) Hughey,M (2115)-Gardner,R (2263) Edmonton 2002}) 10. Nf1 (10. h3 $16) 10... h4 11. h3 Bxh3 $2 (11... Bh5 $16) 12. gxh3 $18 Qxh3 13. N3h2 g5 14. Qf3 Qxf3 15. Nxf3 g4 16. N3h2 O-O-O 17. Bb3 Rh7 18. Bg5 (18. Bd1 $18 {has better winning chances.}) 18... Rg8 (18... g3 $16 {was necessary.}) 19. Bxf6 $1 Bxf6 20. Kg2 Rhg7 21. Re2 a5 22. a4 Kd7 23. Ne3 Ne7 24. Nf5 Nxf5 25. exf5 g3 {[#]} 26. fxg3 $1 Rxg3+ {[%mdl 64] Double Attack} 27. Kh1 h3 (27... Ke7 $16) 28. Bxf7 R8g7 29. Bg6 Rxd3 30. Ng4 Bg5 (30... Bh4 $142 31. Rxe5 Rg3) 31. Rg1 Bf4 (31... Rg8 $142 32. Bf7 Rd8) 32. Nf6+ Ke7 33. Nh5 h2 34. Nxg7 $2 (34. f6+ Kd7 35. fxg7 hxg1=N 36. Bxd3 Nxe2 37. g8=Q) 34... hxg1=Q+ 35. Kxg1 Rd1+ 36. Kg2 Kf6 $2 (36... Rd2) 37. Nh5+ Kg5 38. Nxf4 {[%mdl 64] [#] Overworked Piece} Kxf4 (38... exf4 $18 39. Kf3 d5 40. Rg2+ Kf6 41. Kxf4 Re1) 39. f6 Kg5 40. f7 {Accuracy: White = 73%, Black = 36%.} 1-0

[Event "Stay Safe Play From Home 363"]
[Site "Emanuel Lasker Arena"]
[Date "2020.08.06"]
[Round "3"]
[White "SelamiSahin"]
[Black "Chesstiger9"]
[Result "1-0"]
[WhiteElo "2146"]
[BlackElo "1990"]
[Annotator "TA"]
[PlyCount "105"]
[EventDate "2020.08.06"]
[EventType "swiss (blitz)"]

{[%evp 9,105,5,55,41,48,43,57,52,57,57,55,30,83,82,82,81,88,39,46,0,79,63,142,142,150,139,167,181,390,403,406,400,443,341,359,315,327,0,358,325,426,424,385,265,285,281,522,503,540,538,534,526,525,525,568,568,567,565,554,547,599,578,746,740,856,887,1079,809,802,762,757,781,903,880,1221,730,900,893,890,763,873,883,810,806,902,670,1090,1090,1446,537,3061,1997,3127,2720,29985,29986,29991,29992]} 1. d4 Nf6 2. c4 e6 3. Nc3 Bb4 4. f3 Nc6 5. e4 Bxc3+ 6. bxc3 {E20: Nimzo-Indian: 4 g3 and 4 f3.} d6 7. Bd3 O-O 8. Ne2 {White is slightly better.} e5 9. Bg5 h6 10. Bh4 {[#]} Re8 $146 (10... b6 $11 {remains equal.}) ({Predecessor:} 10... b6 11. O-O Nb8 12. f4 Nbd7 13. Ng3 Re8 14. fxe5 dxe5 15. Nf5 Kh7 16. Qd2 Bb7 {1-0 (26) Legemaat,G (2357)-Towery,B (1654) ICCF email 2016}) 11. O-O g5 12. Bf2 Ne7 13. Bg3 Ng6 14. Bf2 h5 (14... Ne7 $11) 15. Qd2 $36 {[%mdl 2048] White is pushing. White leaves nothing to chance now.} Nf4 (15... Nh7 $1 $14) 16. Nxf4 $16 gxf4 17. Kh1 {And now g3 would win.} Kh8 18. g3 Bh3 $2 (18... fxg3 19. Bxg3 Nh7) 19. Rg1 $18 Nh7 20. gxf4 Qf6 21. f5 Rg8 22. Be3 Qh4 23. Bf2 Qf6 24. Qe3 Rxg1+ 25. Rxg1 Rg8 26. Rxg8+ Kxg8 27. Qe1 Ng5 $2 (27... Kf8 28. Be3 h4 29. dxe5 dxe5) 28. Bh4 Qh6 29. Qg3 {[%mdl 64] [#] Double Attack} f6 30. Bxg5 Qxg5 31. Qxh3 Qc1+ 32. Qf1 Qxc3 33. d5 Kf7 34. Qe2 Qc1+ 35. Kg2 h4 36. Kh3 Qg5 37. Qg2 Qe3 38. Be2 {[#] Intending Qg6+ and mate.} Kf8 39. Kxh4 Qh6+ 40. Kg3 Qf4+ 41. Kf2 Qd2 42. Kg1 Qe1+ 43. Bf1 Qe3+ 44. Qf2 Qg5+ 45. Kh1 Qh6 46. h4 Qf4 47. Bg2 Qh6 48. Kh2 Qf4+ 49. Qg3 Qd2 50. h5 Qh6 51. Qg6 Qf4+ 52. Kh3 Qc1 53. Qxf6+ {Accuracy: White = 77%, Black = 44%.} 1-0

[Event "Stay Safe Play From Home 363"]
[Site "Emanuel Lasker Arena"]
[Date "2020.08.06"]
[Round "3"]
[White "Haris kollari 13"]
[Black "Hickey"]
[Result "1/2-1/2"]
[WhiteElo "1800"]
[BlackElo "2068"]
[Annotator "NA RC"]
[PlyCount "148"]
[EventDate "2020.08.06"]
[EventType "swiss (blitz)"]

1. e4 {[%emt 0:00:01]} c6 {[%emt 0:00:03]} 2. f4 {[%emt 0:00:01]} d5 {[%emt 0:00:01]} 3. e5 {[%emt 0:00:01]} g6 {[%emt 0:00:02]} 4. Nf3 {[%emt 0:00:01]} Bg7 {[%emt 0:00:01]} 5. d4 {[%emt 0:00:01]} Nh6 {[%emt 0:00:00]} 6. c3 {[%emt 0:00:02]} O-O {[%emt 0:00:02]} 7. Bd3 {[%emt 0:00:01]} c5 {[%emt 0:00:03]} 8. O-O {[%emt 0:00:02]} Nc6 {[%emt 0:00:03]} 9. Be3 {[%emt 0:00:03]} cxd4 {[%emt 0:00:05]} 10. cxd4 {[%emt 0:00:01]} Bf5 {[%emt 0:00:00]} 11. Nc3 {[%emt 0:00:02]} Bxd3 {[%emt 0:00:04]} 12. Qxd3 {[%emt 0:00:01]} Nf5 {[%emt 0:00:00]} 13. Bf2 {[%emt 0:00:01]} h5 {[%emt 0:00:01]} 14. a3 {[%emt 0:00:03]} e6 {[%emt 0:00:02]} 15. Rac1 {[%emt 0:00:01]} Rc8 {[%emt 0:00:01]} 16. h3 {[%emt 0:00:01]} Qb6 {[%emt 0:00:04]} 17. b4 {[%emt 0:00:04]} Nb8 {[%emt 0:00:08]} 18. g4 {[%emt 0:00:03]} hxg4 {[%emt 0:00:02]} 19. hxg4 {[%emt 0:00:01]} Nh6 {[%emt 0:00:00]} 20. Nh2 {[%emt 0:00:02]} Qa6 {[%emt 0:00:02]} 21. Qxa6 {[%emt 0:00:08]} Nxa6 {[%emt 0:00:00]} 22. Na4 {[%emt 0:00:01]} b6 {[%emt 0:00:04]} 23. Be3 {[%emt 0:00:04]} Nb8 {[%emt 0:00:04]} 24. Nc3 {[%emt 0:00:06]} a6 {[%emt 0:00:05]} 25. Na4 {[%emt 0:00:01]} Nd7 {[%emt 0:00:00]} 26. Rxc8 {[%emt 0:00:05]} Rxc8 {[%emt 0:00:00]} 27. Rc1 {[%emt 0:00:01]} Rxc1+ {[%emt 0:00:02]} 28. Bxc1 {[%emt 0:00:01]} Kf8 {[%emt 0:00:02]} 29. Kf2 {[%emt 0:00:01]} Ke8 {[%emt 0:00:01]} 30. Kf3 {[%emt 0:00:02]} Bf8 {[%emt 0:00:01]} 31. Nf1 {[%emt 0:00:01]} Ng8 {[%emt 0:00:03]} 32. Ne3 {[%emt 0:00:01]} Ne7 {[%emt 0:00:02]} 33. Nd1 {[%emt 0:00:02]} Nc6 {[%emt 0:00:02]} 34. Be3 {[%emt 0:00:02]} Kd8 {[%emt 0:00:01]} 35. Ndc3 {[%emt 0:00:02]} Kc7 {[%emt 0:00:01]} 36. b5 {[%emt 0:00:05]} axb5 {[%emt 0:00:14]} 37. Nxb5+ {[%emt 0:00:01]} Kb7 {[%emt 0:00:00]} 38. Nac3 {[%emt 0:00:04]} Na5 {[%emt 0:00:01]} 39. Bc1 {[%emt 0:00:03]} Nc4 {[%emt 0:00:01]} 40. a4 {[%emt 0:00:04]} Nb8 {[%emt 0:00:03]} 41. Ne2 {[%emt 0:00:04]} Nc6 {[%emt 0:00:01]} 42. Ng3 {[%emt 0:00:02]} N4a5 {[%emt 0:00:11]} 43. f5 {[%emt 0:00:01]} Nb3 {[%emt 0:00:03]} 44. Bb2 {[%emt 0:00:02]} gxf5 {[%emt 0:00:12]} 45. gxf5 {[%emt 0:00:01]} Na7 {[%emt 0:00:02]} 46. f6 {[%emt 0:00:02]} Na5 {[%emt 0:00:14]} 47. Ne2 {[%emt 0:00:11]} Nc4 {[%emt 0:00:01]} 48. Bc3 {[%emt 0:00:03]} Nxb5 {[%emt 0:00:02]} 49. axb5 {[%emt 0:00:02]} Kc7 {[%emt 0:00:01]} 50. Nf4 {[%emt 0:00:06]} Kd7 {[%emt 0:00:01]} 51. Nh3 {[%emt 0:00:02]} Bh6 {[%emt 0:00:01]} 52. Kg4 {[%emt 0:00:02]} Ne3+ {[%emt 0:00:06]} 53. Kh5 {[%emt 0:00:02]} Nf5 {[%emt 0:00:02]} 54. Nf2 {[%emt 0:00:16]} Be3 {[%emt 0:00:03]} 55. Ng4 {[%emt 0:00:01]} Bxd4 {[%emt 0:00:02]} 56. Bxd4 {[%emt 0:00:01]} Nxd4 {[%emt 0:00:00]} 57. Kh6 {[%emt 0:00:01]} Nxb5 {[%emt 0:00:03]} 58. Kg7 {[%emt 0:00:01]} Ke8 {[%emt 0:00:01]} 59. Nh6 {[%emt 0:00:01]} d4 {[%emt 0:00:02]} 60. Nxf7 {[%emt 0:00:01]} d3 {[%emt 0:00:00]} 61. Nd6+ {[%emt 0:00:01]} Nxd6 {[%emt 0:00:01]} 62. exd6 {[%emt 0:00:01]} d2 {[%emt 0:00:04]} 63. f7+ {[%emt 0:00:00]} Kd7 {[%emt 0:00:01]} 64. f8=Q {[%emt 0:00:00]} d1=Q {[%emt 0:00:01]} 65. Qe7+ {[%emt 0:00:00]} Kc6 {[%emt 0:00:01]} 66. Qc7+ {[%emt 0:00:01]} Kb5 {[%emt 0:00:03]} 67. d7 {[%emt 0:00:01]} Qg4+ {[%emt 0:00:01]} 68. Kf7 {[%emt 0:00:02]} Qf5+ {[%emt 0:00:00]} 69. Ke7 {[%emt 0:00:01]} Qg5+ {[%emt 0:00:01]} 70. Kxe6 {[%emt 0:00:01]} Qg6+ {[%emt 0:00:01]} 71. Ke7 {[%emt 0:00:01]} Qg7+ {[%emt 0:00:01]} 72. Ke6 {[%emt 0:00:03]} Qg6+ {[%emt 0:00:01]} 73. Kd5 {[%emt 0:00:01]} Qd3+ {[%emt 0:00:02]} 74. Ke6 {[%emt 0:00:03]} Qg6+ {[%emt 0:00:00] (Lag: Av=0.62s, max=1.4s) (Lag: Av=0.62s, max=1.4s) (Lag: Av=0.62s, max=1.4s) (Lag: Av=0.62s, max=1.4s) (Lag: Av=0.62s, max=1.4s)} 1/2-1/2

[Event "Stay Safe Play From Home 363"]
[Site "Emanuel Lasker Arena"]
[Date "2020.08.06"]
[Round "3"]
[White "Buzaglo"]
[Black "Greblah"]
[Result "1-0"]
[WhiteElo "1712"]
[BlackElo "1921"]
[Annotator "RC"]
[PlyCount "71"]
[EventDate "2020.08.06"]
[EventType "swiss (blitz)"]

1. d4 {[%emt 0:00:01]} c6 {[%emt 0:00:00]} 2. Nf3 {[%emt 0:00:01]} d5 {[%emt 0:00:01]} 3. g3 {[%emt 0:00:01]} Nf6 {[%emt 0:00:01]} 4. Bg2 {[%emt 0:00:01]} Bf5 {[%emt 0:00:01]} 5. O-O {[%emt 0:00:00]} e6 {[%emt 0:00:01]} 6. Nh4 {[%emt 0:00:01]} Bg6 {[%emt 0:00:01]} 7. Nxg6 {[%emt 0:00:01]} hxg6 {[%emt 0:00:00]} 8. Bg5 {[%emt 0:00:01]} Be7 {[%emt 0:00:01]} 9. c4 {[%emt 0:00:02]} dxc4 {[%emt 0:00:02]} 10. a4 {[%emt 0:00:01]} Nbd7 {[%emt 0:00:01]} 11. Nd2 {[%emt 0:00:01]} Nb6 {[%emt 0:00:03]} 12. Rc1 {[%emt 0:00:03]} Nfd5 {[%emt 0:00:04]} 13. Bxe7 {[%emt 0:00:02]} Qxe7 {[%emt 0:00:01]} 14. Nxc4 {[%emt 0:00:01]} Nxc4 {[%emt 0:00:01]} 15. Rxc4 {[%emt 0:00:01]} Qg5 {[%emt 0:00:04]} 16. Rc5 {[%emt 0:00:05]} Qh6 {[%emt 0:00:04]} 17. h4 {[%emt 0:00:03]} g5 {[%emt 0:00:03]} 18. e4 {[%emt 0:00:05]} gxh4 {[%emt 0:00:06]} 19. exd5 {[%emt 0:00:09]} hxg3 {[%emt 0:00:01]} 20. fxg3 {[%emt 0:00:01]} Qe3+ {[%emt 0:00:12]} 21. Rf2 {[%emt 0:00:01]} Qxg3 {[%emt 0:00:03]} 22. dxe6 {[%emt 0:00:13]} O-O-O {[%emt 0:00:08]} 23. exf7 {[%emt 0:00:21]} Qh4 {[%emt 0:00:31]} 24. d5 {[%emt 0:00:14]} Rh5 {[%emt 0:00:20]} 25. f8=Q {[%emt 0:00:25]} Qh2+ {[%emt 0:00:17]} 26. Kf1 {[%emt 0:00:02]} Rxf8 {[%emt 0:00:10]} 27. Rxf8+ {[%emt 0:00:02]} Kc7 {[%emt 0:00:01]} 28. d6+ {[%emt 0:00:06]} Kd7 {[%emt 0:00:02]} 29. Rxh5 {[%emt 0:00:04]} Qxh5 {[%emt 0:00:04]} 30. Qxh5 {[%emt 0:00:02]} Kxd6 {[%emt 0:00:03]} 31. Qg6+ {[%emt 0:00:04]} Kc7 {[%emt 0:00:03]} 32. Rf7+ {[%emt 0:00:01]} Kb6 {[%emt 0:00:01]} 33. Qxg7 {[%emt 0:00:03]} Ka5 {[%emt 0:00:02]} 34. Rxb7 {[%emt 0:00:04]} a6 {[%emt 0:00:01]} 35. Qg5+ {[%emt 0:00:02]} Kxa4 {[%emt 0:00:01]} 36. Bxc6# {[%emt 0:00:03] (Lag: Av=0.49s, max=0.8s) (Lag: Av=0.49s, max=0.8s) (Lag: Av=0.49s, max=0.8s) (Lag: Av=0.49s, max=0.8s) (Lag: Av=0.49s, max=0.8s)} 1-0